000 00579nam a2200169 a 4500
008 120416s1966 ||||||||||||||||| || u
020 _a9221000001
050 _aHF 5681.B2 Int
245 1 0 _aHow to read a balance sheet
246 _aan ILO programmed book
260 _aGeneva
_bILO
_c1966
300 _aviii, 124p.
350 _a0.00
650 0 _aACCOUNTING--HANDBOOKS, MANUALS, ETC
650 _aBALANCE SHEET
995 _D0.00
_FCBU-MAIN LIBRARY (Kitwe)
_H1
_I26.25
_M1
_UAVAILABLE
_ZAnnex Low-Usage Collection
999 _c45835
_d45835